[Event "Melbourne Australasian IM"]
[Site "Melbourne"]
[Date "2019.12.18"]
[Round "5"]
[White "Maung, Maung Kyaw Zaw"]
[Black "Maguire, Tom"]
[Result "0-1"]
[WhiteElo "2274"]
[BlackElo "2139"]
[PlyCount "58"]
[EventDate "2019.12.14"]
[EventType "tourn"]
[EventRounds "9"]
[EventCountry "AUS"]
[EventCategory "1"]
[SourceTitle "CBM 193 Extra"]
[Source "ChessBase"]
[SourceDate "2020.01.31"]
[SourceVersion "1"]
[SourceVersionDate "2020.01.31"]
[SourceQuality "1"]

1. Nf3 Nf6 2. c4 g6 3. b3 Bg7 4. Bb2 0-0 5. e3 d6 6. d4 c5 7. Nbd2 Nc6 8. Bd3 e5 9. 0-0 Qe7 10. dxe5 dxe5 11. Ne4 Rd8 12. Qb1 Ne8 13. Bc2 Bg4 14. h3 Bxf3 15. gxf3 f5 16. Ng3 Qh4 17. Kg2 Nc7 18. Bc3 Ne6 19. Qb2 Rf8 20. Rad1 Ng5 21. Rh1 f4 22. exf4 Qxf4 23. Be4 Nxe4 24. fxe4 Qf3+ 25. Kh2 Qxf2+ 26. Qxf2 Rxf2+ 27. Kg1 Rf3 28. Ne2 Bh6 29. Rh2 Raf8 0-1

[Event "Adelaide Lidums"]
[Site "Adelaide"]
[Date "2019.12.08"]
[Round "3"]
[White "Cheng, Bobby Sky"]
[Black "Maguire, Tom"]
[Result "1-0"]
[WhiteElo "2529"]
[BlackElo "2139"]
[PlyCount "51"]
[EventDate "2019.12.07"]
[EventType "tourn"]
[EventRounds "9"]
[EventCountry "AUS"]
[EventCategory "1"]
[SourceTitle "CBM 193 Extra"]
[Source "ChessBase"]
[SourceDate "2020.01.31"]
[SourceVersion "1"]
[SourceVersionDate "2020.01.31"]
[SourceQuality "1"]

1. Nf3 d5 2. e3 Nf6 3. c4 e6 4. Nc3 Be7 5. b3 0-0 6. Bb2 b6 7. g4 Bb7 8. g5 Ne4 9. h4 Nd7 10. Qc2 c5 11. Bh3 Re8 12. Rg1 Qc7 13. h5 Ne5 14. Nxe5 Qxe5 15. f4 Qc7 16. cxd5 exd5 17. Nxe4 dxe4 18. Qc3 Bf8 19. h6 Rad8 20. hxg7 Be7 21. Bf5 Rd3 22. Qc4 Rd5 23. Bxh7+ Kxh7 24. Rh1+ Kg6 25. Qxe4+ f5 26. Qe6+ 1-0

[Event "Queensland-ch"]
[Site "Brisbane"]
[Date "2019.10.05"]
[Round "5"]
[White "Maguire, Tom"]
[Black "Silva, KWCU"]
[Result "1/2-1/2"]
[WhiteElo "2178"]
[BlackElo "1894"]
[PlyCount "181"]
[EventDate "2019.10.03"]
[EventType "swiss"]
[EventRounds "9"]
[EventCountry "AUS"]
[SourceTitle "EXT 2021"]
[Source "ChessBase"]
[SourceDate "2020.10.23"]
[SourceVersion "1"]
[SourceVersionDate "2020.10.23"]
[SourceQuality "1"]

1. d4 Nf6 2. c4 e6 3. g3 Bb4+ 4. Bd2 Qe7 5. Nf3 Bxd2+ 6. Nbxd2 d6 7. Bg2 0-0 8. 0-0 a5 9. Nb1 e5 10. e3 Nc6 11. Nc3 Bg4 12. h3 Bh5 13. g4 Bg6 14. Nh4 exd4 15. exd4 Nd7 16. Nxg6 hxg6 17. Nd5 Qd8 18. Qd2 Nb6 19. Nxb6 cxb6 20. g5 Qc7 21. Rfe1 Rfe8 22. a3 Kf8 23. Qf4 Qd7 24. b3 Rad8 25. Rxe8+ Rxe8 26. d5 Nb8 27. Qd4 Qd8 28. f4 Na6 29. Rb1 Qc7 30. b4 axb4 31. axb4 Rc8 32. Bf1 Re8 33. Bd3 Qd7 34. Kg2 Qc7 35. Bf1 Qe7 36. Kf3 Nc7 37. b5 Ra8 38. Ra1 Rxa1 39. Qxa1 Ne8 40. h4 Qc7 41. Qa8 f5 42. gxf6 gxf6 43. Bd3 f5 44. h5 Qh7 45. hxg6 Qxg6 46. Qc8 Qg4+ 47. Ke3 Qg3+ 48. Ke2 Qg2+ 49. Kd1 Qf3+ 50. Kc2 Qxf4 51. Bxf5 Qf2+ 52. Kb3 Qe3+ 53. Ka4 Qc5 54. Bg4 Qxc8 55. Bxc8 Ke7 56. Bxb7 Kd8 57. Bc6 Nf6 58. Kb4 Kc7 59. Kc3 Kd8 60. Kd4 Kc7 61. Ke3 Ng4+ 62. Ke4 Ne5 63. Kd4 Nf3+ 64. Kc3 Kd8 65. Kd3 Ne5+ 66. Kd4 Nf3+ 67. Ke4 Ne5 68. Kd4 Nf3+ 69. Kc3 Ne5 70. Bb7 Nd7 71. Kd4 Nc5 72. Bc6 Nb3+ 73. Ke3 Nc5 74. Kf4 Nd3+ 75. Kf5 Nb2 76. c5 dxc5 77. d6 c4 78. Be4 Nd3 79. Ke6 Nc5+ 80. Kd5 Nxe4 81. Kxe4 Kd7 82. Kd4 Kxd6 83. Kxc4 Ke6 84. Kd4 Kd6 85. Kc4 Ke5 86. Kb3 Kd5 87. Kc3 Kc5 88. Kc2 Kc4 89. Kb2 Kb4 90. Kc2 Kxb5 91. Kb3 1/2-1/2

[Event "Gold Coast op"]
[Site "Gold Coast"]
[Date "2019.06.29"]
[Round "4"]
[White "Cheng, Bobby Sky"]
[Black "Maguire, Tom"]
[Result "1-0"]
[WhiteElo "2525"]
[BlackElo "2121"]
[PlyCount "53"]
[EventDate "2019.06.27"]
[EventType "swiss"]
[EventRounds "9"]
[EventCountry "AUS"]
[SourceTitle "CBM 191 Extra"]
[Source "ChessBase"]
[SourceDate "2019.09.30"]
[SourceVersion "1"]
[SourceVersionDate "2019.09.30"]
[SourceQuality "1"]

1. d4 Nf6 2. Nf3 e6 3. c4 Bb4+ 4. Nbd2 c5 5. a3 Bxd2+ 6. Bxd2 cxd4 7. Nxd4 d5 8. cxd5 Qxd5 9. e3 Bd7 10. Qb3 Nc6 11. Qxd5 Nxd5 12. Nb5 Ke7 13. Rd1 f5 14. Nc3 Nf6 15. Be2 Rhd8 16. 0-0 Rac8 17. f3 Ne5 18. e4 Bc6 19. exf5 exf5 20. Bf4 Ng6 21. Be3 b6 22. Bd3 Bd7 23. Ba6 Rc6 24. Rfe1 Be6 25. Rxd8 Kxd8 26. Nb5 Nd5 27. Nd4 1-0

[Event "Gold Coast op"]
[Site "Gold Coast"]
[Date "2019.06.28"]
[Round "3"]
[White "Maguire, Tom"]
[Black "Fernandez, Daniel"]
[Result "1/2-1/2"]
[WhiteElo "2121"]
[BlackElo "2466"]
[PlyCount "67"]
[EventDate "2019.06.27"]
[EventType "swiss"]
[EventRounds "9"]
[EventCountry "AUS"]
[SourceTitle "CBM 191 Extra"]
[Source "ChessBase"]
[SourceDate "2019.09.30"]
[SourceVersion "1"]
[SourceVersionDate "2019.09.30"]
[SourceQuality "1"]

1. d4 Nf6 2. c4 c5 3. d5 b5 4. cxb5 a6 5. b6 Qxb6 6. Nc3 d6 7. e4 e6 8. Bc4 Be7 9. Nge2 0-0 10. 0-0 e5 11. h3 a5 12. Ng3 g6 13. f4 exf4 14. Bxf4 Nfd7 15. e5 Nxe5 16. Bxe5 dxe5 17. d6 Qxd6 18. Qxd6 Bxd6 19. Nce4 Be7 20. Rxf7 Ba6 21. Rxe7+ Bxc4 22. Rc1 Bxa2 23. Rxc5 Kh8 24. Ng5 Bg8 25. Nf3 a4 26. Nxe5 a3 27. bxa3 Rxa3 28. Ne4 Na6 29. Rb5 Ra1+ 30. Kh2 Ra2 31. Ng4 Re2 32. Nh6 Rff2 33. Nxf2 Rxe7 34. Nxg8 1/2-1/2

[Event "Doeberl Cup 57th"]
[Site "Canberra"]
[Date "2019.04.18"]
[Round "2"]
[White "Johansen, Darryl Keith"]
[Black "Maguire, Tom"]
[Result "1-0"]
[WhiteElo "2364"]
[BlackElo "2125"]
[PlyCount "81"]
[EventDate "2019.04.18"]
[EventType "swiss"]
[EventRounds "9"]
[EventCountry "AUS"]
[SourceTitle "CBM 189 Extra"]
[Source "ChessBase"]
[SourceDate "2019.06.03"]
[SourceVersion "1"]
[SourceVersionDate "2019.06.03"]
[SourceQuality "1"]

1. c4 c5 2. Nf3 Nf6 3. Nc3 Nc6 4. e3 g6 5. d4 cxd4 6. exd4 d5 7. cxd5 Nxd5 8. Qb3 Nxc3 9. Bc4 e6 10. bxc3 Bg7 11. Ba3 Bf8 12. Bb5 Bd7 13. Bxf8 Kxf8 14. 0-0 Kg7 15. Bd3 Na5 16. Qb4 Bc6 17. Ne5 Rc8 18. Rfd1 b6 19. Bf1 Bb7 20. c4 Nc6 21. Qb2 Nxe5 22. dxe5 Qe7 23. Rd6 Rc7 24. a4 Qg5 25. a5 Rxc4 26. axb6 axb6 27. g3 Rhc8 28. Bxc4 Rxc4 29. Rxb6 Be4 30. Rb4 Rc2 31. Qa3 Qd2 32. Rf1 Bc6 33. Rb8 Kh6 34. Qf8+ Kh5 35. Qxf7 h6 36. Qf6 Qd4 37. h3 Rc4 38. g4+ Qxg4+ 39. hxg4+ Rxg4+ 40. Kh2 g5 41. f3 1-0

[Event "Gold Coast op"]
[Site "Gold Coast"]
[Date "2018.06.30"]
[Round "4"]
[White "Wohl, Aleksandar H"]
[Black "Maguire, Tom"]
[Result "1-0"]
[WhiteElo "2335"]
[BlackElo "2093"]
[PlyCount "71"]
[EventDate "2018.06.28"]
[EventType "swiss"]
[EventRounds "9"]
[EventCountry "AUS"]
[SourceTitle "CBM 185 Extra"]
[Source "ChessBase"]
[SourceDate "2018.07.29"]
[SourceVersion "1"]
[SourceVersionDate "2018.07.29"]
[SourceQuality "1"]

1. b3 e5 2. Bb2 Nc6 3. e3 d5 4. h3 Bd6 5. Ne2 f5 6. d4 e4 7. c4 Nf6 8. Nbc3 0-0 9. a3 Be6 10. cxd5 Nxd5 11. Nxd5 Bxd5 12. g3 Na5 13. Nc1 Qe7 14. Bc3 Nc6 15. Bc4 Bxc4 16. bxc4 Bxa3 17. 0-0 Bb4 18. Bb2 a5 19. Ne2 Nd8 20. Nf4 Ne6 21. Nd5 Qf7 22. h4 Be7 23. Nxe7+ Qxe7 24. Ba3 c5 25. d5 Nd8 26. Rb1 Nf7 27. Rb6 Ne5 28. Re6 Nf3+ 29. Kg2 Qf7 30. Rh1 Rfe8 31. Rxe8+ Rxe8 32. Bxc5 Qc7 33. Qa4 Rc8 34. Ba3 Qxc4 35. Qd7 Ra8 36. Bb2 1-0

[Event "Gold Coast op"]
[Site "Gold Coast"]
[Date "2018.06.28"]
[Round "1"]
[White "Zhao, Zong Yuan"]
[Black "Maguire, Tom"]
[Result "1-0"]
[WhiteElo "2533"]
[BlackElo "2093"]
[PlyCount "71"]
[EventDate "2018.06.28"]
[EventType "swiss"]
[EventRounds "9"]
[EventCountry "AUS"]
[SourceTitle "CBM 185 Extra"]
[Source "ChessBase"]
[SourceDate "2018.07.29"]
[SourceVersion "1"]
[SourceVersionDate "2018.07.29"]
[SourceQuality "1"]

1. Nf3 Nf6 2. c4 c5 3. Nc3 g6 4. d4 cxd4 5. Nxd4 Bg7 6. e4 d6 7. Be2 0-0 8. 0-0 Nc6 9. Nc2 Be6 10. Ne3 Rc8 11. Rb1 Nd7 12. Ned5 Bxd5 13. exd5 Na5 14. Nb5 Nxc4 15. Nxa7 Ra8 16. Bxc4 Rxa7 17. Be3 Ra8 18. a4 Nb6 19. Bb5 e6 20. dxe6 fxe6 21. Qg4 Rf5 22. Qe4 Kh8 23. Qxb7 Nd5 24. Ba7 Qc8 25. Qxc8+ Rxc8 26. Bd7 Rc7 27. Bxe6 Rxa7 28. Bxf5 gxf5 29. Rfd1 Ne7 30. Rxd6 Rxa4 31. Rd8+ Ng8 32. b4 Bf6 33. Rc8 Kg7 34. b5 Ne7 35. b6 Nxc8 36. b7 1-0

[Event "Australian op"]
[Site "Brisbane"]
[Date "2017.01.04"]
[Round "4"]
[White "Smirnov, Anton"]
[Black "Maguire, Tom"]
[Result "1/2-1/2"]
[WhiteElo "2519"]
[BlackElo "2040"]
[PlyCount "93"]
[EventDate "2017.01.02"]
[EventType "swiss"]
[EventRounds "11"]
[EventCountry "AUS"]
[SourceTitle "CBM 176 Extra"]
[Source "ChessBase"]
[SourceDate "2017.03.02"]
[SourceVersion "1"]
[SourceVersionDate "2017.03.02"]
[SourceQuality "1"]

1. e4 c6 2. d4 d5 3. e5 Bf5 4. Nf3 e6 5. Be2 Nd7 6. 0-0 Ne7 7. Nbd2 Nc8 8. b3 Be7 9. c4 0-0 10. Bb2 f6 11. Rc1 a5 12. a4 Bb4 13. Bc3 Qc7 14. Bxb4 axb4 15. exf6 Nxf6 16. Ne5 Nd6 17. Qe1 dxc4 18. Ndxc4 Nd5 19. Nxd6 Qxd6 20. Bc4 Nc3 21. Nf3 b5 22. Be2 bxa4 23. bxa4 Rxa4 24. Bc4 Be4 25. Ne5 Bd5 26. Bd3 Ra7 27. Qe3 Rb8 28. h4 g6 29. Qg5 Qe7 30. Qg3 Rf8 31. h5 Ra3 32. Rce1 g5 33. h6 Rf4 34. Re3 Ra8 35. Ng4 Kh8 36. Re5 Be4 37. Re1 Bxd3 38. Rxe6 Qf8 39. Qxd3 Rxg4 40. Re7 Qxh6 41. Re8+ Rxe8 42. Rxe8+ Kg7 43. Qf5 Rf4 44. Re7+ Kg8 45. Re8+ Kg7 46. Re7+ Kg8 47. Re8+ 1/2-1/2

[Event "Doeberl Cup 54th"]
[Site "Canberra"]
[Date "2016.03.24"]
[Round "1"]
[White "Bjelobrk, Igor"]
[Black "Maguire, Tom"]
[Result "1-0"]
[WhiteElo "2392"]
[BlackElo "2005"]
[PlyCount "93"]
[EventDate "2016.03.24"]
[EventType "swiss"]
[EventRounds "9"]
[EventCountry "AUS"]
[SourceTitle "EXT 2018"]
[Source "ChessBase"]
[SourceDate "2017.10.13"]
[SourceVersion "1"]
[SourceVersionDate "2017.10.13"]
[SourceQuality "1"]

1. b3 e5 2. Bb2 Nc6 3. e3 d6 4. Bb5 Bd7 5. Nf3 Nf6 6. d4 e4 7. Nfd2 Ne7 8. Be2 Nf5 9. c4 c6 10. d5 cxd5 11. cxd5 Nxd5 12. Nxe4 Ndxe3 13. fxe3 Qh4+ 14. Nf2 Nxe3 15. Qd3 Nxg2+ 16. Kf1 Nf4 17. Qg3 Qxg3 18. hxg3 Nxe2 19. Kxe2 h5 20. Nc3 Bc6 21. Rh2 Rh6 22. Kd2 Be7 23. Re1 Kd7 24. Nd3 h4 25. Rg1 Bg5+ 26. Kc2 Be3 27. Rf1 hxg3 28. Re2 g2 29. Rxf7+ Kd8 30. Rxg2 Bxg2 31. Rf8+ Ke7 32. Rxa8 Rh2 33. Kb1 Kf7 34. Bc1 Bxc1 35. Kxc1 g5 36. Rxa7 g4 37. Ra5 Kf6 38. Nf2 g3 39. Nfe4+ Ke6 40. Nxg3 d5 41. Nge2 Rh4 42. Ra4 Rxa4 43. Nxa4 Kd6 44. Kd2 b5 45. Nb2 Bh3 46. b4 Bd7 47. Nd4 1-0

[Event "AUS-ch"]
[Site "Melbourne"]
[Date "2016.01.02"]
[Round "1"]
[White "Maguire, Tom"]
[Black "Chow, Samuel"]
[Result "0-1"]
[WhiteElo "1983"]
[BlackElo "2301"]
[PlyCount "80"]
[EventDate "2016.01.02"]
[EventType "swiss"]
[EventRounds "11"]
[EventCountry "AUS"]
[SourceTitle "CBM 170 Extra"]
[Source "ChessBase"]
[SourceDate "2016.02.25"]
[SourceVersion "1"]
[SourceVersionDate "2016.02.25"]
[SourceQuality "1"]

1. d4 Nf6 2. c4 g6 3. Nc3 d5 4. Bg5 Bg7 5. Bxf6 Bxf6 6. cxd5 c5 7. dxc6 Bxd4 8. cxb7 Bxb7 9. e3 Bxc3+ 10. bxc3 Qa5 11. Rb1 Qxc3+ 12. Qd2 Qxd2+ 13. Kxd2 Bd5 14. Nf3 0-0 15. a3 Nd7 16. Bb5 Nc5 17. Ke2 Ne4 18. Rhc1 Rac8 19. Ba6 Nc3+ 20. Ke1 Nxb1 21. Bxc8 Nxa3 22. Ba6 Rb8 23. Nd2 Rb6 24. Bd3 Bxg2 25. Rc7 Rb7 26. Rc8+ Kg7 27. Rc5 Rb2 28. Kd1 a6 29. Ra5 Nb5 30. Rxa6 Nc3+ 31. Kc1 Rb7 32. Bc4 Rc7 33. Ra5 Ne4 34. Ra4 Nxf2 35. Kc2 Ng4 36. Kd3 Nxh2 37. Ke2 Bc6 38. Rb4 Rb7 39. Rxb7 Bxb7 40. e4 Ng4 0-1

[Event "World ol U16"]
[Site "Ulaanbaatar"]
[Date "2015.08.25"]
[Round "6.3"]
[White "Mungunzul, Bat Erdene"]
[Black "Maguire, Tom"]
[Result "1-0"]
[WhiteElo "1564"]
[BlackElo "1982"]
[PlyCount "58"]
[EventDate "2015.08.20"]
[EventType "team-swiss"]
[EventRounds "9"]
[EventCountry "MGL"]
[SourceTitle "EXT 2016"]
[Source "ChessBase"]
[SourceDate "2015.10.08"]
[SourceVersion "1"]
[SourceVersionDate "2015.10.08"]
[SourceQuality "1"]
[WhiteTeam "Mongolia II"]
[BlackTeam "Australia"]
[WhiteTeamCountry "MGL"]
[BlackTeamCountry "AUS"]

1. d4 Nf6 2. c4 c5 3. d5 b5 4. cxb5 a6 5. bxa6 g6 6. Nc3 Bg7 7. e4 d6 8. Bb5+ Nbd7 9. Nge2 0-0 10. 0-0 Bxa6 11. Bxa6 Rxa6 12. Qc2 e6 13. dxe6 fxe6 14. Rd1 Re8 15. Bf4 Bf8 16. e5 Nh5 17. exd6 Nxf4 18. Nxf4 Bxd6 19. Ne4 Nf6 20. Qc4 Nxe4 21. Qxa6 Qf6 22. Rxd6 Qxf4 23. Rxe6 Qxf2+ 24. Kh1 Qf7 25. Rxe8+ Qxe8 26. Qc4+ Kg7 27. Kg1 Nf6 28. Qxc5 Qe2 29. Rf1 Ne4 1-0

[Event "Wch U16"]
[Site "Durban"]
[Date "2014.09.23"]
[Round "6"]
[White "Suta, Andraz"]
[Black "Maguire, Tom"]
[Result "0-1"]
[WhiteElo "2063"]
[BlackElo "1810"]
[PlyCount "71"]
[EventDate "2014.09.20"]
[EventType "swiss"]
[EventRounds "11"]
[EventCountry "RSA"]
[SourceTitle "CBM 162 Extra"]
[Source "ChessBase"]
[SourceDate "2014.10.17"]
[SourceVersion "1"]
[SourceVersionDate "2014.10.17"]
[SourceQuality "1"]

1. e4 c6 2. d4 d5 3. e5 Bf5 4. Ne2 e6 5. Ng3 Bg6 6. h4 f6 7. Qg4 Qd7 8. c3 c5 9. Na3 Nc6 10. h5 Bf7 11. Bb5 cxd4 12. cxd4 fxe5 13. dxe5 Qc7 14. 0-0 Qxe5 15. Qa4 Qc7 16. Bf4 Bd6 17. Bxd6 Qxd6 18. Rfd1 Nge7 19. Nc4 Qc7 20. Na5 0-0 21. Nxc6 bxc6 22. Rac1 Rac8 23. Qg4 Qb6 24. h6 Qxf2+ 25. Kh1 Qxb2 26. Ba6 Rb8 27. Rf1 Rb4 28. Qg5 Ng6 29. Rb1 Qd4 30. hxg7 Rfb8 31. Rxb4 Rxb4 32. Qd8+ Kxg7 33. Nh5+ Kh6 34. Be2 Qh4+ 35. Qxh4 Rxh4+ 36. Kg1 0-1